000 00525nam a2200205Ia 4500
005 20240413132302.0
008 131103s9999 xx 000 0 und d
020 _a8178800454
_cRs.600
040 _aLoreto College
041 _aEnglish
082 _a370.1
_bRED
100 _aReddy, R.S.
245 _aOrganisational Strategies of Modern Education
_cR.S.Reddy
260 _aNew Delhi
_bRajat pub.
_c2002
300 _avi,310p.
504 _aIncludes index
650 _aEducation
850 _aLCBED
942 _cBK
999 _c26422
_d76901